| 000 | 00906nam a2200253Ia 4500 | ||
|---|---|---|---|
| 999 |
_c34992 _d34992 |
||
| 001 | 828 | ||
| 003 | GE_BSU | ||
| 005 | 20220922103401.0 | ||
| 008 | 181216s2005||||rus|||||||||||||| ||ru || | ||
| 020 | _a5710762296 | ||
| 040 | _cGE_BSU | ||
| 080 | _a94(44)(075.8) А-80 | ||
| 100 |
_aАрзаканян, М. Ц.; _914681 |
||
| 245 |
_aИстория Франции : _bУчебник для вузов / _cМ. Ц. Арзаканян, А. В. Ревякин, П. Ю. Уваров. |
||
| 264 |
_aМосква : _bДрофа, _c2005. |
||
| 300 | _a474 стр. | ||
| 653 | _aИстория | ||
| 653 | _aИстория Франции | ||
| 653 | _aისტორია | ||
| 700 |
_a Ревякин, А. В. _eავტორი _914682 |
||
| 700 |
_aУваров, П. Ю. _eავტორი _914683 |
||
| 856 |
_uhttps://vk.com/doc35528094_446744631 _yელ. ვერსია pdf |
||
| 942 |
_cBK _2udc |
||